Public Atitudes to GM Foods. The Balancing of Risks and Gains

Faktory tvorby názoru verejnosti na geneticky modifikované potraviny. Sociánoekonomické faktory, vnímanie prirodzenosti produktu a vplyvu na životné prostredie a uprednostnenie cisgenézy pred transgenézou. Modelovanie postoja verejnosti k GM potravinám. Vedomosti, vedecké pozadie, vzdelanie rodičov...

Descrizione completa

Salvato in:
Dettagli Bibliografici
Autore principale: Hudson, John
Altri autori: Čaplánová, Anetta, 1967-, Novák, Marcel, 1979-
Natura: Capitolo di libro
Lingua:inglese
Soggetti:
Tags: Aggiungi Tag
Nessun Tag, puoi essere il primo ad aggiungerne!!

MARC

LEADER 00000naa a2200000 4500
001 0207190
005 20250318111715.9
041 0 |a eng 
044 |a GB 
245 1 0 |a Public Atitudes to GM Foods. The Balancing of Risks and Gains  |c John Hudson, Anetta Čaplánová, Marcel Novák 
520 |a Faktory tvorby názoru verejnosti na geneticky modifikované potraviny. Sociánoekonomické faktory, vnímanie prirodzenosti produktu a vplyvu na životné prostredie a uprednostnenie cisgenézy pred transgenézou. Modelovanie postoja verejnosti k GM potravinám. Vedomosti, vedecké pozadie, vzdelanie rodičov a náboženstvo ako hlavné faktory pri tvorbe povedomia o GM potravinách. 
610 2 0 |a potraviny modifikované geneticky 
610 2 0 |a modernizácia technológie 
610 2 0 |a inžinierstvo génové 
610 2 0 |a rozvoj vedeckotechnický 
610 2 0 |a mienka verejná 
100 1 |a Hudson, John 
700 1 |a Čaplánová, Anetta, 1967- 
700 1 |a Novák, Marcel, 1979-